| 000 | 01440cam a22003255i 4500 | ||
|---|---|---|---|
| 999 |
_c15876 _d15876 |
||
| 003 | EG-ScBUE | ||
| 005 | 20200119142038.0 | ||
| 008 | 110818s1979 ua g 000 0 ara d | ||
| 017 | _a79 / 2146 | ||
| 040 |
_aEG-ScBUE _bara _erda _cEG-ScBUE _dEG-ScBUE |
||
| 043 | _aa-ye--- | ||
| 082 | 0 | 4 |
_a953.3 _bم ك ا _222 |
| 100 | 1 |
_aمكاوي، عبد القوي، _d1918-1988، _eمؤلف. |
|
| 245 | 1 | 0 |
_aشهادتى للتاريخ : _b(خبايا الغزو الشيوعي لجنوب اليمن) / _cعبد القوي مكاوي ؛ تقديم العالم والمفكر الإسلامي الكبير الشيخ محمد متولي الشعراوي. |
| 250 | _aالطبعة الأولى. | ||
| 264 | 1 |
_aالقاهرة : _b[الناشر غير معرف]، _c1979 |
|
| 264 | 3 |
_aالقاهرة : _bم. العاصمة |
|
| 300 |
_a439 صفحة ؛ _c24 سم |
||
| 336 |
_aنص _btxt _2rdacontent |
||
| 337 |
_aبدون وسيط _bn _2rdamedia |
||
| 338 |
_aمجلد _bnc _2rdacarrier |
||
| 600 | 1 | 7 |
_aمكاوي، عبد القوي، _d1918-1998، _xمذكرات. _2BUEsh |
| 650 | 7 |
_aالشيوعية _xتاريخ _zاليمن. _2BUEsh |
|
| 650 | 7 |
_aالاشتراكية _zاليمن. _2BUEsh _927136 |
|
| 651 | 7 |
_aاليمن _xتاريخ. _2BUEsh |
|
| 651 | 7 |
_aاليمن _xأحوال سياسية. _2BUEsh _927970 |
|
| 653 |
_bGGEN _bBUSBOL _cJuly2019 |
||
| 700 | 1 |
_aشعراوي، محمد متولي، _d1911-1998، _eمقدم. |
|
| 942 |
_2ddc _cBB |
||